Normal view
MARC view
- اللغة العربية-النحو-الفقة الاسلامي
Entry Topical Term
001 - CONTROL NUMBER
- control field: 43734
003 - CONTROL NUMBER IDENTIFIER
- control field: JO-AjAnu
005 - DATE AND TIME OF LATEST TRANSACTION
- control field: 20230606081239.0
008 - FIXED-LENGTH DATA ELEMENTS
- fixed length control field: 230606|| aca||aabn | a|a d
040 ## - CATALOGING SOURCE
- Original cataloging agency: JO-AjAnu
- Transcribing agency: JO-AjAnu
150 ## - HEADING--TOPICAL TERM
- Topical term or geographic name entry element: اللغة العربية-النحو-الفقة الاسلامي
670 ## - SOURCE DATA FOUND
- Source citation: Work cat.: (JO-AjAnu)22390: تاليف عبد الرحيم بن الحسن، جمال الدين؛حققه عبد الرزاق السعدي؛ مراجعة عبد الستار أبو غدة, author 43733, الكوكب الدري في تخرج الفروع الفقهية على المسائل النحوية للاسنوي